000 00313nam a2200109Ia 4500
008 190913s9999||||xx |||||||||||||| ||und||
100 _aLipschutz, Lipschutz
245 0 _aSchaum's Outline Series Theory And Problems Of Data Processing
260 _aSingapore
_bMicrosoft Press
_c2000
300 _a1355
942 _cBK
999 _c8020
_d8020